[Event "Caorle op-B"]
[Site "Caorle"]
[Date "1991.07.13"]
[Round "8.46"]
[White "Schneider, Samuel"]
[Black "Montanari, Carlo"]
[Result "1/2-1/2"]
[WhiteElo "2000"]
[BlackElo "1800"]
[PlyCount "54"]
[EventDate "1991.07.05"]
[EventType "swiss"]
[EventRounds "8"]
[EventCountry "ITA"]
[SourceTitle "EXT 2023"]
[Source "ChessBase"]
[SourceDate "2022.10.05"]
[SourceVersion "1"]
[SourceVersionDate "2022.10.05"]
[SourceQuality "1"]

1. e4 d6 2. d4 g6 3. Nc3 Bg7 4. f4 e6 5. Nf3 Ne7 6. Be2 0-0 7. 0-0 Nd7 8. Re1 c6 9. Bd2 d5 10. Rc1 dxe4 11. Nxe4 Nf5 12. Bb4 Re8 13. g4 Ne3 14. Qd2 Nd5 15. Nd6 Rf8 16. Ba3 Ne7 17. Qb4 Nd5 18. Qd2 Qc7 19. c4 N5f6 20. Ne5 Nxe5 21. dxe5 Nd7 22. Rcd1 Rd8 23. Bf3 Bf8 24. Re3 Bxd6 25. Bxd6 Qb6 26. b4 g5 27. Be2 Re8 1/2-1/2